Dlhová kríza v eurozóne - teoretické pohľady a empirické poznatky

Dlhová kríza v eurozóne s dôrazom na vývoj v jej periférnych ekonomikách. Prezentácia teoretických prístupov k dlhovej krize. Osobitosti fiškálnej politiky v menovej únii.

Guardado en:
Detalles Bibliográficos
Autor principal: Muchová, Eva, 1961-
Otros Autores: Kálovec, Marek
Formato: Capítulo de libro
Lenguaje:eslovaco
Materias:
Etiquetas: Agregar Etiqueta
Sin Etiquetas, Sea el primero en etiquetar este registro!

MARC

LEADER 00000naa a2200000 4500
001 0168854
005 20240502072933.9
041 0 |a slo 
044 |a SK 
245 1 0 |a Dlhová kríza v eurozóne - teoretické pohľady a empirické poznatky  |c Eva Muchová, Marek Kálovec 
520 |a Dlhová kríza v eurozóne s dôrazom na vývoj v jej periférnych ekonomikách. Prezentácia teoretických prístupov k dlhovej krize. Osobitosti fiškálnej politiky v menovej únii. 
610 2 0 |a kríza finančná 
610 2 0 |a Európska únia 
610 2 0 |a eurozóna 
610 2 0 |a analýza empirická 
610 2 0 |a dlhy verejné 
610 2 0 |a politika fiškálna 
100 1 |a Muchová, Eva, 1961- 
700 1 |a Kálovec, Marek